Cargando...

Hinduism at a Glance

Detalles Bibliográficos
Autor Principal: Swami Nirvedananda
Formato: Printed Book
Publicado: Calcutta; Ramakrishna Mission; 1944
Edición:1st
Subjects:
LEADER 00492nam a22001457a 4500
082 |a 294.5  |b SWA/H I4 
100 |a Swami Nirvedananda  |9 316571 
245 |a Hinduism at a Glance 
250 |a 1st 
260 |a Calcutta;  |b Ramakrishna Mission;  |c 1944 
300 |a 272p. 
650 |a English; Hinduism  |9 316572 
942 |c BK 
999 |c 65362  |d 65362 
952 |0 0  |1 0  |4 0  |6 294_500000000000000_SWA_H_I4  |7 0  |8 Hindu  |9 78019  |a MAL  |b MAL  |d 2016-10-24  |e 37954  |g 26.00  |l 0  |o 294.5 SWA/H I4  |p MAL037954  |r 2016-10-24  |t 1  |w 2016-10-24  |y BK